MARC
| LEADER | 00000nam a22000003a 4500 | ||
|---|---|---|---|
| 001 | stu253847 | ||
| 005 | 20150408165140.6 | ||
| 008 | 120831s2012----xo------------------slo-d | ||
| 020 | |a 978-80-89213-94-8 | ||
| 040 | |a STU |b slo | ||
| 041 | 0 | |a slo | |
| 044 | |a xo | ||
| 080 | |a 34 | ||
| 245 | |a Vzory zmlúv, žalôb a podaní | ||
| 260 | |a Žilina : |b Poradca, |c 2012 | ||
| 300 | |a 488 s | ||
| 856 | 4 | |a https://sweb.mtf.stuba.sk/obsahy/vzory_zmluv_zalob_a_podani_12 |u https://sweb.mtf.stuba.sk/obsahy/vzory_zmluv_zalob_a_podani_12 |3 OBSAH | |
| 996 | |b 284M081052 |c M*13191-1 |l MMKN |s A |a 24 |w stu253847_0001 | ||